Normal view MARC view
  • SUPERVISOR DR. IMRAN AKHTAR PROJECT CO-SUPERVISOR DR. ZAFAR BANGASH

Entry Corporate Name

Number of records used in: 1

001 - CONTROL NUMBER

  • control field: 122795

003 - CONTROL NUMBER IDENTIFIER

  • control field: NUST

005 - DATE AND TIME OF LATEST TRANSACTION

  • control field: 20240521185414.0

008 - FIXED-LENGTH DATA ELEMENTS

  • fixed length control field: 240521|| aca||aabn | a|a d

040 ## - CATALOGING SOURCE

  • Original cataloging agency: NUST
  • Transcribing agency: NUST

110 ## - HEADING--CORPORATE NAME

  • Corporate name or jurisdiction name as entry element: SUPERVISOR DR. IMRAN AKHTAR PROJECT CO-SUPERVISOR DR. ZAFAR BANGASH

670 ## - SOURCE DATA FOUND

  • Source citation: Work cat.: (NUST): NC ABDUL REHMAN NC DANIAL AHMAD NC IJAZ AHMED 122794, PR-SOF-2293-Design and fabrication of an Ornithopter, 2023.
© 2023 Central Library, National University of Sciences and Technology. All Rights Reserved.